Комедии Публия Терентия Африканскаго. Т.2: [Еавтон-Тиморуменос или Человек, сам себя наказующий | Аделфы или Братья (Запись № 13474770)
[ простой вид ]
| 000 -МАРКЕР | |
|---|---|
| контрольное поле | 01348nam2a22002051 4500 |
| 001 - ИДЕНТИФИКАТОР ЗАПИСИ | |
| контрольное поле | RU\NLR\A1\20575 |
| 005 - ИДЕНТИФИКАТОР ВЕРСИИ | |
| контрольное поле | 20251203152403.2 |
| 035 ## - ДРУГИЕ СИСТЕМНЫЕ НОМЕРА | |
| Идентификатор записи | (NLR Aleph) 009676032 |
| 100 ## - ДАННЫЕ ОБЩЕЙ ОБРАБОТКИ | |
| Данные общей обработки | 19990630d1774 u y0rusy50 ca |
| 101 1# - ЯЗЫК РЕСУРСА | |
| Язык текста, звукозаписи и т.д. | русский |
| -- | латинский |
| Язык оригинала | латинский |
| 200 1# - ЗАГЛАВИЕ И СВЕДЕНИЯ ОБ ОТВЕТСТВЕННОСТИ | |
| Основное заглавие | [Еавтон-Тиморуменос или Человек, сам себя наказующий |
| Первые сведения об ответственности | Пер. Фридрих Рихмани |
| Основное заглавие | Аделфы или Братья |
| Первые сведения об ответственности | Пер. Косма Флоринский] |
| 210 ## - ПУБЛИКАЦИЯ, РАСПРОСТРАНЕНИЕ И ДР. | |
| Дата издания, распространения и т.д. | 1774 |
| 215 ## - ФИЗИЧЕСКАЯ ХАРАКТЕРИСТИКА | |
| Специфическое обозначение материала и объем | [2], 424 с. |
| 461 #1 - УРОВЕНЬ НАБОРА | |
| Встроенное поле | 001RU\NLR\A1\20573 |
| -- | 2000#$aКомедии Публия Терентия Африканскаго$eПереведенныя с латинскаго на российский язык.$eС приобщением подлинника$vТ.2 |
| -- | 700#1$6z01700$6z02790$aТеренций$bП.$fок. 185-159$gПублий$4070 |
| -- | 700#1$6z01700$7ba$aTerentius Afer$bP.$gPublius |
| Системный номер (АБИС) связанной записи | 9682928 |
| Автор | Теренций, П. (ок. 195-159 до н.э.) |
| Место публикации | СПб. |
| Дата публикации | 1773-1774 |
| Имя издателя, распространителя и т.д. | При Имп. Акад. наук |
| Сведения, относящиеся к заглавию | Переведенныя с латинскаго на российский язык. : С приобщением подлинника |
| Заглавие | Комедии Публия Терентия Африканскаго |
| Номер тома | Т.2 |
| 801 #0 - ИСТОЧНИК ЗАПИСИ | |
| Страна | Российская Федерация |
| Организация | NLR |
| Дата составления | 19990630 |
| 942 ## - ДОПОЛНИТЕЛЬНЫЕ ЭЛЕМЕНТЫ ЗАПИСИ (АБИС) | |
| Тип экземпляра АБИС | Книга |
| 980 ## - КОЛЛЕКЦИЯ | |
| Название коллекции | Русская книга гражданской печати XVIII в. в библиотеках РФ |
| 980 ## - КОЛЛЕКЦИЯ | |
| Название коллекции | Национальная библиография |
Нет доступных экземпляров.